Trenerzy klubów piłkarskich - Statystyki

Ogólne statystyki
  • Ten quiz został rozwiązany 113 razy
  • Średni wynik to 18 z 33
Statystyki odpowiedzi
nazwa klubu/reprezentacji nazwisko trenera/selekcjonera % Poprawnych
Manchester City Pep Guardiola
89%
Real Madryt Carlo Ancelotti
86%
Liverpool FC Jurgen Klopp
84%
FC Barcelona Xavi
84%
Polska Czesław Michniewicz
80%
AS Roma José Mourinho
77%
Chelsea FC Thomas Tuchel
75%
Arsenal FC Mikel Arteta
69%
Tottenham Antonio Conte
67%
Hiszpania Luis Enrique
67%
Raków Częstochowa Marek Papszun
65%
Bayern Monachium Julian Nagelsmann
63%
PSG Mauricio Pochettino
63%
Francja Didier Deschamps
60%
Portugalia Fernando Santos
60%
Villareal Unai Emery
60%
Anglia Gareth Southgate
59%
Juventus Turyn Massimiliano Allegri
59%
Włochy Roberto Mancini
55%
Inter Mediolan Simone Inzaghi
52%
Manchester United Ralf Rangnick
49%
Lech Poznań Maciej Skorża
48%
AC Milan Stefano Pioli
47%
West Ham United David Moyes
45%
Everton Frank Lampard
41%
Brighton and Hove Albion Graham Potter
39%
Legia Warszawa Aleksandar Vuković
38%
Brazylia Tite
38%
Sevilla Julen Lopetegui
34%
Argentyna Lionel Scaloni
30%
Borussia Dortmund Marco Rose
22%
FC Porto Sérgio Conceição
18%
Olympique Lyon Peter Bosz
14%
Nie znaleziono quizów pasujących do podanych kryteriów
Rozkład punktacji
Procent ludzi z każdym wynikiem
Percentyl według liczby udzielonych odpowiedzi
Twoja historia wyników
Nie rozwiązałeś tego quizu